| 000 | 00965cam a22003133a 4500 | ||
|---|---|---|---|
| 001 | 440 | ||
| 003 | PGUSA | ||
| 005 | 20140828082948.0 | ||
| 008 | 960201s1996||||xxu|||||s|||||000 1 eng d | ||
| 040 |
_aPGUSA _beng |
||
| 042 | _adc | ||
| 050 | 4 | _aPS | |
| 050 | 4 | _aPZ | |
| 100 | 1 |
_aPorter, Eleanor H. _q(Eleanor Hodgman), _d1868-1920 |
|
| 245 | 1 | 0 |
_aJust David _h[electronic resource] / _cEleanor H. Porter |
| 260 |
_bProject Gutenberg, _c1996 |
||
| 506 | _aPublic domain in the USA. | ||
| 516 | _aElectronic text | ||
| 653 | _aViolinists -- Juvenile fiction | ||
| 653 | _aOrphans -- Juvenile fiction | ||
| 653 | _aIdentity (Philosophical concept) -- Juvenile fiction | ||
| 653 | _aUnited States -- Juvenile fiction | ||
| 653 | _aMountain life -- Juvenile fiction | ||
| 653 | _aBoys -- Juvenile fiction | ||
| 653 | _aAdoption -- Juvenile fiction | ||
| 830 | 0 |
_aProject Gutenberg _v440 |
|
| 856 | 4 | 0 | _uhttp://www.gutenberg.org/ebooks/440 |
| 942 | _cEB | ||
| 999 |
_c229791 _d229791 |
||